| 000 | 00800nam a2200265Ia 4500 | ||
|---|---|---|---|
| 003 | OSt | ||
| 005 | 20220927111221.0 | ||
| 006 | a|||||r|||| 00| 0 | ||
| 007 | ta | ||
| 008 | 220926b |||||||| |||| 00| 0 eng d | ||
| 024 | _a123516 | ||
| 037 | _cReports | ||
| 040 |
_aRTL _cRTL _beng |
||
| 041 |
_2eng _aeng |
||
| 082 | _a"Sigma.236s, M2.1/GD" | ||
| 110 |
_a"Gujarat, (Govt Of-) Economics And Statistics (Bureau of-)" _9381647 |
||
| 245 | 0 | _aStatistical atlas of Gujarat | |
| 260 |
_aGandhi _bNagar Govt Press India _c1982 |
||
| 300 |
_a400p _ccm. |
||
| 490 | _vV1 | ||
| 650 | _aSocial Sciences | ||
| 700 |
_a"Gujarat, (Govt Of-) Economics And Statistics (Bureau of-)" _9381648 |
||
| 942 |
_h"Sigma.236s, M2.1/GD" _cCC |
||
| 999 |
_c698830 _d698830 |
||